书目信息 |
| 题名: |
光耀生命
|
|
| 作者: | 艾扬格 著 ;杨玉功 译 | |
| 分册: | ||
| 出版信息: | 上海 上海锦绣文章出版社 2008.10 |
|
| 页数: | 307页 | |
| 开本: | 23cm | |
| 丛书名: | ||
| 单 册: | ||
| 中图分类: | R214 | |
| 科图分类: | ||
| 主题词: | 瑜伽术 | |
| 电子资源: | ||
| ISBN: | 978-7-5452-0037-9 | |
| 000 | 00815nam0 2200229 450 | |
| 001 | 012009617179 | |
| 005 | 20100629142208.03 | |
| 010 | @a978-7-5452-0037-9@dCNY39.80 | |
| 100 | @a20100515d2008 em y0chiy0110 ea | |
| 101 | 1 | @achi@cinc |
| 102 | @aCN@b310000 | |
| 105 | @ay z 000yy | |
| 200 | 1 | @a光耀生命@Aguang yao sheng ming@f(印) B.K.S.艾扬格著@F(yin)B.K.S.ai yang ge zhu@g杨玉功译 |
| 210 | @a上海@c上海锦绣文章出版社@d2008.10 | |
| 215 | @a307页@d23cm | |
| 330 | @a本书是大师最深邃的智慧的结晶,汇聚了大师在习练、学习和教学瑜伽中的所有领悟和发现,也是其之前撰写的被誉为瑜伽“圣经”的《瑜伽之光》一书的“精神伴侣”。 | |
| 606 | 0 | @a瑜伽术 |
| 690 | @aR214@v4 | |
| 701 | 0 | @a艾扬格@Aai yang ge@g(Iyengar, B K.S.)@4著 |
| 702 | 0 | @a杨玉功@Ayang yu gong@4译 |
| 801 | 0 | @aCN@c20100515 |
| 905 | @dR214@eA412@f3 | |
| 光耀生命/(印) B.K.S.艾扬格著/杨玉功译.-上海:上海锦绣文章出版社,2008.10 |
| 307页;23cm |
| ISBN 978-7-5452-0037-9:CNY39.80 |
| 本书是大师最深邃的智慧的结晶,汇聚了大师在习练、学习和教学瑜伽中的所有领悟和发现,也是其之前撰写的被誉为瑜伽“圣经”的《瑜伽之光》一书的“精神伴侣”。 |
| ● |
| 相关链接 |
|
|
|
正题名:光耀生命
索取号:R214/A412
 
预约/预借
| 序号 | 登录号 | 条形码 | 馆藏地/架位号 | 状态 | 备注 |